| 000 | 00452nam a22001697a 4500 | ||
|---|---|---|---|
| 003 | NUST - PNEC | ||
| 005 | 20170116181041.0 | ||
| 008 | 150922b xxu||||| |||| 00| 0 eng d | ||
| 020 | _a0070257639 | ||
| 040 | _cLIBRARY | ||
| 082 | _a621.38173 HAM | ||
| 100 |
_911577 _a Hamilton, Douglas J |
||
| 245 |
_a Basic integrated circuit engineering _cDouglas J Hamilton |
||
| 260 | _cc 1975 | ||
| 650 |
_910250 _aIntegrated circuits _xEE |
||
| 942 |
_2ddc _cBK |
||
| 999 |
_c68087 _d68087 |
||